000 00924cam a2200265 4500
008 090401t1998 xxu||||| |||| 00| 0 eng d
020 _a0333731808
035 _a(Sirsi) u84390
041 _aeng
050 _a333.337
100 _aMarkham, Julian E.
245 4 _aThe future of shopping : traditional patterns and net effects.
260 _aBasingstoke, Hants
_bMacMillan Press
_c1998
300 _ax,234p. : ill. ; 24cm.
350 _a25
520 _aWith the growth of online shopping, this work examines the impact this has had on traditional forms of shopping and as well as presenting possible future scenarios for the retail industry.
650 _aELECTRONIC SHOPPING
650 _aINTERNET
650 _aSHOPPING CENTRES AND THEIR FUTURE
650 _aSHOPPING CENTRES
650 _aTOWN CENTRES
690 _aPROPERTY-COMMERCIAL PROPERTY-RETAIL PROPERTY
942 _n0
948 _c20/02/1998
999 _c96934
_d96934